000 01064nam a2200337 a 4500
001 000108440
003 CHAP
005 20220329144012.0
008 140212s2012 it adj |r| ||||||eng d
010 _a104902
011 _a105874
020 _a9789251072998
040 _cCHAP
082 0 4 _a636.085
_bF211y
245 0 _aBiofuel co-products as livestock feed :
_bOpportunities and challenges /
_ceditado por Makkar, Harinder P.S.
260 _aRoma :
_bFAO,
_c2012.
300 _axviii, 533 p. :
_bdiagrs., grafs., tabs.
590 _aBATCH-UPD
_b05
_c20140212
_lUCH01
_h1421
590 _aE5995AHE
_b05
_c20140212
_lUCH01
_h1420
650 1 4 _aAgricultura
_zAustralia.
_91913
650 1 4 _aAgricultura
_zEuropa.
_91924
650 1 4 _aAlimentación
_xIndustria.
_9125042
650 1 4 _aAlimentos y alimentación del ganado
_94326
650 1 4 _aGanadería
_xEuropa
_zEuropa.
_9175560
650 1 4 _aGanadería
_zAustralia.
_944863
650 1 4 _aGanado.
_944888
700 1 _aMakkar, Harinder P.S.
_e, ed.
_969961
901 _aBK
942 _cLIBRO
942 _n0
999 _c104902
_d104902